<?xml version="1.0" encoding="UTF-8"?>
<collection xmlns="http://www.loc.gov/MARC21/slim">
 <record>
  <leader>00449pamaa2200133   4500</leader>
  <controlfield tag="001">0000038366</controlfield>
  <controlfield tag="005">20090520090000.0</controlfield>
  <datafield tag="020" ind1="0" ind2="0">
   <subfield code="a">9834140703 </subfield>
  </datafield>
  <datafield tag="090" ind1="0" ind2="0">
   <subfield code="a">DS597.215.M34 </subfield>
   <subfield code="b">YEA 2003</subfield>
  </datafield>
  <datafield tag="245" ind1="1" ind2="0">
   <subfield code="a">22 Years 22 voices  </subfield>
   <subfield code="c">edited by Michael Bociurkiw.</subfield>
  </datafield>
  <datafield tag="260" ind1="0" ind2="0">
   <subfield code="a">Kuala Lumpur: </subfield>
   <subfield code="b">Melewar Apex  and JF Publishing., </subfield>
   <subfield code="c">2003.</subfield>
  </datafield>
  <datafield tag="300" ind1=" " ind2=" ">
   <subfield code="a">188p.: </subfield>
   <subfield code="b">ill. (some col.); </subfield>
   <subfield code="c">38 cm.</subfield>
  </datafield>
  <datafield tag="504" ind1="0" ind2="0">
   <subfield code="a">Includes bibliographical references (p. 186) and index</subfield>
  </datafield>
  <datafield tag="700" ind1="1" ind2="1">
   <subfield code="a">Bociurkiw, </subfield>
   <subfield code="h">Michael </subfield>
  </datafield>
 </record>
</collection>
